000 01019nam a2200265 a 4500
005 20070509090109.0
008 061219s2006 ii b 001 0beng
010 _aENG-92585
020 _a8190111027
_c250.00
035 _aEN-76118
037 _bDBAD / Author
040 _adpl
_bEnglish
082 _a954.022
100 _aChandla, M. S.
245 _aBanda Bahadur :
_bbetrayed by his lieutenants /
_cby M.S. Chandla
260 _aChandigarh :
_bAurva Publications
_c2006
270 _a1430, Sector-12,
_bChandigarh
300 _axv, 238 p.
_c23 cm (Hb)
500 _aIncludes index.
600 _aBandā Siṅgha,
_cBahādara,
_d1670-1716?
650 _aSikhs
_xKings and rulers
_vBiography.
942 _2ddc
_cEN
_mCHA
_h954.022
999 _c21170
_d21170